| 000 | 00814nam a2200253 a 4500 | ||
|---|---|---|---|
| 001 | |||
| 003 | DO-SdBNP | ||
| 005 | 20220217085641.0 | ||
| 008 | 100318s2008 dr c 000 0 spa d | ||
| 020 | _a9789945420494 | ||
| 040 |
_aDO-SdBNP _bspa _cBPMSU |
||
| 082 |
_aRD861.5 _bR459s 2008 _222 |
||
| 100 | 1 | _aReyna, Renania | |
| 245 | 1 | 0 |
_aSueños de mujer al desnudo / _cRenania Reyna ; presentación Lissette Ramírez. |
| 260 |
_aSanto Domingo : _bSecretaría de Estado de Cultura; _bÁngeles de Fierro _c2008. |
||
| 300 |
_a58 p. : _bretrs. ; _c21 cm. |
||
| 500 | _aIncluye datos biográficos de la autora. | ||
| 590 | _aInventariado, 2022/VM | ||
| 650 | 4 | _aPoesía dominicana | |
| 650 | 4 | _aLiteratura dominicana | |
| 700 | 1 |
_aRamírez, Lissette _epresentación |
|
| 910 | _aVMateo V. | ||
| 942 |
_2ddc _cBK |
||
| 999 |
_c14038 _d14038 |
||